000 00328 a2200145 4500
001 174262
020 _a
040 _cMagnum
100 _aBrandao, Luzia Machado
240 1 0 _aO grilinho brincalhao/livro texto
_lpor
245 1 0 _aO grilinho brincalhao/livro texto
362 0 _a1899
697 _aIJ/ANIMAIS
942 _cBK
999 _c174262
_d174262